Đang tải...
Molecular Biotechnology : principles and applications of recombinant DNA
"Completely revised and updated, the second edition of the best-selling Molecular Biotechnology: Principles and Applications of Recombinant DNA covers both the underlying scientific principles and the wide-ranging industrial, agricultural, pharmaceutical, and biomedical applications of recombin...
| Tác giả chính: | |
|---|---|
| Định dạng: | Printed Book |
| Được phát hành: |
Washington, D.C
ASM Press
1998
|
| Phiên bản: | 2nd; Ed. |
| Những chủ đề: | |
| Truy cập trực tuyến: | : http://classify.oclc.org/classify2/ClassifyDemo?owi=815146725 |
| LEADER | 01347nam a2200193 4500 | ||
|---|---|---|---|
| 999 | |c 141573 |d 141569 | ||
| 020 | |a 9781555811365 | ||
| 082 | |a 660.65 GLI/M | ||
| 100 | |a Glick, Bernard R |a Pasternak, Jack J |9 63295 | ||
| 245 | |a Molecular Biotechnology : principles and applications of recombinant DNA | ||
| 250 | |a 2nd; Ed. | ||
| 260 | |a Washington, D.C |b ASM Press |c 1998 | ||
| 300 | |a 683p. | ||
| 520 | |a "Completely revised and updated, the second edition of the best-selling Molecular Biotechnology: Principles and Applications of Recombinant DNA covers both the underlying scientific principles and the wide-ranging industrial, agricultural, pharmaceutical, and biomedical applications of recombinant DNA technology." "Ideally suited as a text, this book is also an excellent reference for health professionals, scientists, engineers, or attorneys interested in biotechnology."--Jacket. | ||
| 650 | |a Biotechnology-- Genetic engineering-- Molecular biology. |9 63296 | ||
| 856 | |u : http://classify.oclc.org/classify2/ClassifyDemo?owi=815146725 | ||
| 942 | |c BK | ||
| 952 | |0 0 |1 0 |4 0 |6 660_650000000000000_GLI_M |7 0 |9 140356 |a SBS |b SBS |d 2017-10-10 |l 0 |o 660.65 GLI/M |p SBS730 |r 2017-10-10 |w 2017-10-10 |y BK | ||
| 952 | |0 0 |1 0 |4 0 |6 660_650000000000000_GLI_M |7 0 |9 140409 |a SBS |b SBS |d 2017-10-11 |l 2 |m 1 |o 660.65 GLI/M |p SBS1016 |r 2019-05-17 |s 2019-03-22 |w 2017-10-11 |y BK | ||